000 00347nam a2200133Ia 4500
005 20260326100038.0
008 260326s9999||||xx |||||||||||||| ||und||
100 _aElam, Kimberly
245 0 _aGeometry of Design /
_cKimberly Elam
260 _bPrinceton Architectural Press
300 _a107 p.
650 _aARQUITECTURA - ELEMENTOS
942 _cBK
999 _c6902
_d6902